| 000 | 01077cam a22002893a 4500 | ||
|---|---|---|---|
| 001 | 1248 | ||
| 005 | 20230828111422.0 | ||
| 008 | 010627s2001 nyu j 000 1 eng d | ||
| 020 | _a9780439164573 | ||
| 040 |
_aOCO _cOCO _dJED _dDLC _beng |
||
| 050 | 0 | 0 | _aPZ7.K8369 |
| 082 | _aFic | ||
| 100 | 1 | _aKorman, Gordon. | |
| 245 | 1 | 0 |
_aSurvival / _cGordon Korman. |
| 260 |
_aNew York : _bScholastic, _c2001. |
||
| 300 |
_a138 pages : _c20 cm _bIllustrations |
||
| 490 | 0 |
_aIsland ; _vBook 2 |
|
| 500 | _a"An Apple paperback." | ||
| 505 | _aO | ||
| 520 | _aJuvenile Fiction. Juvenile Literature. HTML: Six kids. One shipwreck. One desert island.Stranded. Separated. Six kids are stuck on a desert island. They have no food. No shelter. Nobody knows they are lost. They must take from the island in order to survive. But what if they're not alone? | ||
| 521 |
_a600
_bLexile |
||
| 521 |
_aO
_bRAz-Plus |
||
| 655 | 7 |
_aAdventure fiction. _2gsafd |
|
| 655 | 7 |
_aChildren's stories. _2lcsh |
|
| 906 |
_a7 _bcbc _ccopycat _d2 _encip _f20 _gy-genrareb |
||
| 942 |
_2ddc _cBK _n0 |
||
| 999 |
_c1248 _d1248 |
||